Fondy v účtovníctve podnikateľov diplomová práca

Salvato in:
Dettagli Bibliografici
Autore principale: Sciranková, Denisa
Ente Autore: Podnikovohospodárska fakulta EU so sídlom v Košiciach. Katedra účtovníctva a financií
Altri autori: Zárembová, Andrea, 1986-
Natura: Libro
Lingua:slovacco
Pubblicazione: Košice 2013
Tags: Aggiungi Tag
Nessun Tag, puoi essere il primo ad aggiungerne!!

MARC

LEADER 00000nbm a2200000 4500
001 0170182
005 20170315090437.0
041 0 |a slo 
044 |a SK 
245 1 0 |a Fondy v účtovníctve podnikateľov  |b diplomová práca  |c Denisa Sciranková ; školiteľ: Andrea Zárembová 
264 1 |a Košice  |c 2013 
300 |a 70 s. 
100 1 |a Sciranková, Denisa 
700 1 |a Zárembová, Andrea, 1986- 
710 2 |a Podnikovohospodárska fakulta EU so sídlom v Košiciach. Katedra účtovníctva a financií